000 00287nam a22001337a 4500
008 171102b xxu||||| |||| 00| 0 eng d
020 _a9781424081318
041 _aeng
080 _23RD
_a 339.138
100 _a60
101 _aMAR
245 _aMKT 300
_cLAMB,CH,W
942 _2udc
_cBK
999 _c37335
_d37335